01125nam a2200193Ia 4500001001100000003001000011008004100021040002500062041001300087100002100100245006000121250001100181260008400192300001200276500025600288501011400544520025600658650001700914L000-51411IT-CnALBA170116s9999||||xx |||||||||||||| ||und|| aIT-CnALBAcIT-CnALBA aITALIANO aGALANTINO NUNZIO 0aSAPERE L'UOMO E LA STORIA. INTERPRETAZIONI ROSMINIANE.  a1a ed. a MILANO - TORINObSAN PAOLO ED. c1998 [1° Ed.:1998 - Ed.Ling.Originale: 1998] a161 p.  aPREFAZIONE C. RIVA. LA TRADIZIONE. FILOSOFIA COME SCIENZA E SAPIENZA. L'ANTROPOLOGIA FILOSOFICA TRA SETTECENTO E OTTOCENTO. CONTRIBUTO DI ROSMINI FILOSOFO E TEOLOGO. TEODICEA CRISTOCENTRICA. CONCLUSIONI. INDICE ONOMASTICO. FILOSOFIA SCIENZA SAPIENZA.  aSocietà San Paolo EM - Piazza San Paolo, 14 - 12051 ALBA (CN) (non commercial uses only) ® Copyright 2017 aPREFAZIONE C. RIVA. LA TRADIZIONE. FILOSOFIA COME SCIENZA E SAPIENZA. L'ANTROPOLOGIA FILOSOFICA TRA SETTECENTO E OTTOCENTO. CONTRIBUTO DI ROSMINI FILOSOFO E TEOLOGO. TEODICEA CRISTOCENTRICA. CONCLUSIONI. INDICE ONOMASTICO. FILOSOFIA SCIENZA SAPIENZA.  aGENERALITÀ